Hungary and the European Communities Facts, Trends, Prospects

Na minha lista:
Detalhes bibliográficos
Outros Autores: Hámori, J., Inotai, András
Formato: Livro
Idioma:inglês
Publicado em: Budapest Hungarian Scientific Council for World Economy 1987
Edição:1. ed.
Tags: Adicionar Tag
Sem tags, seja o primeiro a adicionar uma tag!

MARC

LEADER 00000nam a2200000 4500
001 c037051
005 20221219115949.2
041 0 |a eng 
044 |a HU 
245 1 0 |a Hungary and the European Communities  |b Facts, Trends, Prospects  |c Edit. J. Hámori, A. Inotai 
250 |a 1. ed. 
264 1 |a Budapest  |b Hungarian Scientific Council for World Economy  |c 1987 
300 |a 90 s. 
700 1 |a Hámori, J. 
700 1 |a Inotai, András